| 000 | 00371cam a2200145ua 4500 | ||
|---|---|---|---|
| 003 | OSt | ||
| 008 | 250306b |||||||| |||| 00| 0 eng d | ||
| 041 | _aeng | ||
| 082 |
_a621.6 _bHIC/PU |
||
| 100 |
_aHicks, Tyler G . _97285 |
||
| 245 | _aPump selection and application / | ||
| 260 |
_aNew York : _bMcGraw Hill Book Company , _c1957. |
||
| 300 | _a422 ; . | ||
| 942 | _cBK | ||
| 999 |
_c11066 _d11066 |
||